000 00663nas a2200217 4500
001 BR7902394
003 BR-BrBNA
005 20231205083708.0
007 ta
008 230509b bl.|||p| |||| 00| 00por d
040 _aBR-BrBNA
_bpor
_cBiblioteca Nacional de Agricultura
041 _a(Pt)
072 _aF00
100 1 _aRodrigues, M.
245 1 _aPapel de seda para o fruto dourado [Marmelo; Cydonia vulgaris; Pratica cultural]
650 _aMARMELO
650 _aPRATICA CULTURAL
773 0 _tAgricultura de Hoje (Brazil)
_xISSN 0100-5707
_g(Jun 1978), v. 4(38) p. 8-10
_wBR7902394
909 _a202311
_bLúcia
_c55
_dLúcia Elande
942 _2AGRIS
_n0
_cANA
999 _c100626
_d100626